Computer integrated manufacturing and engineering

Main Author: Rembold, U. (Author)
Other Authors: Nnaji, B. O.( 1956-), Storr, A.
Published: Wokingham, England: Addison-Wesley, [1993]
Subjects:
LEADER 01113cam a2200313 7i4500
001 0000007704
005 20230809090000.0
008 230809t19931993enka ### #00001eng##
020 # # |a 9780201565416  
020 # # |a 0201565412  
040 # # |a UMT   |b eng   |c UMT   |e rda 
090 0 0 |a TS 155.6   |b .R4 1993 
100 1 # |a Rembold, U.   |e author  
245 1 0 |a Computer integrated manufacturing and engineering   |c U. Rembold, B.O. Nnaji, A. Storr. 
264 # 1 |a Wokingham, England:   |b Addison-Wesley,   |c [1993] 
264 # 4 |c ♭1993 
300 # # |a 640pages:   |b illustrations;   |c 24 cm 
336 # # |a text --   |2 rdacontent 
337 # # |a unmediated --   |2 rdamedia 
338 # # |a volume --   |2 rdacarrier 
504 # # |a Includes bibliographical references and index 
590 # # |a Perpustakaan Sultanah Nur Zahirah  
650 0 0 |a Flexible manufacturing systems  
650 0 0 |a Computer-aided engineering  
650 0 0 |a Computer integrated manufacturing systems  
700 1 # |a Nnaji, B. O.(  |d 1956-)  
700 1 # |a Storr, A.  
999 |a 1000384684  |b Book  |c Open Shelf  |e KOLEKSI TERBUKA 
999 |a 1000387715  |b Book  |c Open Shelf  |e KOLEKSI TERBUKA